Wings of Fire characters by letter - Statistics

General Stats
  • This quiz has been taken 79 times
  • The average score is 17 of 26
Answer Stats
Hint Description Answer % Correct
C Queen of the Seawings as of book 2 Coral
95%
I Winter's sister Icicle
86%
A Blue's father Admiral
82%
F Seawing who befriended Darkstalker and cast the spell that trapped Darkstalker in Agate mountain Fathom
82%
J Sandwing animus dragon Jerboa
81%
O Mother of Burn, Blister and Blaze Oasis
79%
G One of the Rainwing queens before Glory who turns out to be related to Glory Grandeur
77%
N Squid's father, leader of the talons of peace before Riptide Nautilus
77%
R Clay's oldest sibling Reed
77%
K Cricket's mother Katydid
70%
W Sundew's girlfriend Willow
70%
Z There are no "Z" so just type "Z" Z
70%
B Blue's mother Burnet
68%
H Sundew's father, Belladonna's husband Hemlock
67%
V Qibli's grandfather Vulture
67%
E One of the two Skywings that were at the Seawing Massacre Eagle
56%
S Lady Jewel's mother, Queen Wasp's aunt Scarab
56%
Y One of the Hive rulers, sister of Queen Wasp Yellowjacket
53%
D Old Flamesilk that was in the Flamesilk prison and that helped Luna and Blue escape Danaid
49%
Q Nightwing assassin hired by Queen Vigilance to kill Darkstalker Quickdeath
49%
L One of the guards that went with Indigo and (answer of letter "F") to the Night kingdom Lionfish
46%
T Whiteout's boyfriend Thoughtful
46%
P Created the Gift of Diplomacy for the Icewings Penguin
44%
M Cricket's father Malachite
42%
U Messenger of Queen Coral Urchin
37%
X One of the Flamesilks in the Flamesilk prison Xenica
37%
No matching quizzes found
Score Distribution
Percent of People with Each Score
Percentile by Number Answered
Your Score History
You have not taken this quiz